|
|
|
|
| LEADER |
02216nam a22004935i 4500 |
| 001 |
978-3-540-36028-5 |
| 003 |
DE-He213 |
| 005 |
20151204185845.0 |
| 007 |
cr nn 008mamaa |
| 008 |
100301s2006 gw | s |||| 0|eng d |
| 020 |
|
|
|a 9783540360285
|9 978-3-540-36028-5
|
| 024 |
7 |
|
|a 10.1007/3-540-36028-X
|2 doi
|
| 040 |
|
|
|d GrThAP
|
| 050 |
|
4 |
|a RC681-688.2
|
| 072 |
|
7 |
|a MJD
|2 bicssc
|
| 072 |
|
7 |
|a MED010000
|2 bisacsh
|
| 082 |
0 |
4 |
|a 616.12
|2 23
|
| 245 |
1 |
4 |
|a The Vascular Endothelium II
|h [electronic resource] /
|c edited by Salvador Moncada, Annie Higgs.
|
| 246 |
3 |
|
|a With contributions by numerous experts
|
| 264 |
|
1 |
|a Berlin, Heidelberg :
|b Springer Berlin Heidelberg,
|c 2006.
|
| 300 |
|
|
|a IX, 356 p.
|b online resource.
|
| 336 |
|
|
|a text
|b txt
|2 rdacontent
|
| 337 |
|
|
|a computer
|b c
|2 rdamedia
|
| 338 |
|
|
|a online resource
|b cr
|2 rdacarrier
|
| 347 |
|
|
|a text file
|b PDF
|2 rda
|
| 490 |
1 |
|
|a Handbook of Experimental Pharmacology,
|x 0171-2004 ;
|v 176/II
|
| 505 |
0 |
|
|a Haemostasis -- Vascular Endothelium and Blood Flow -- Biomechanical Modulation of Endothelial Phenotype: Implications for Health and Disease -- Leucocyte-Endothelial Interactions in Health and Disease -- Endothelial Cell Dysfunction, Injury and Death -- Principles and Therapeutic Implications of Angiogenesis, Vasculogenesis and Arteriogenesis -- Endothelial Cell Senescence -- The Vascular Endothelium in Hypertension -- Vascular Endothelium and Atherosclerosis -- Endothelial Cells and Cancer -- Gene Therapy: Role in Myocardial Protection.
|
| 650 |
|
0 |
|a Medicine.
|
| 650 |
|
0 |
|a Human physiology.
|
| 650 |
|
0 |
|a Pharmacology.
|
| 650 |
|
0 |
|a Cardiology.
|
| 650 |
1 |
4 |
|a Medicine & Public Health.
|
| 650 |
2 |
4 |
|a Cardiology.
|
| 650 |
2 |
4 |
|a Pharmacology/Toxicology.
|
| 650 |
2 |
4 |
|a Human Physiology.
|
| 700 |
1 |
|
|a Moncada, Salvador.
|e editor.
|
| 700 |
1 |
|
|a Higgs, Annie.
|e editor.
|
| 710 |
2 |
|
|a SpringerLink (Online service)
|
| 773 |
0 |
|
|t Springer eBooks
|
| 776 |
0 |
8 |
|i Printed edition:
|z 9783540360278
|
| 830 |
|
0 |
|a Handbook of Experimental Pharmacology,
|x 0171-2004 ;
|v 176/II
|
| 856 |
4 |
0 |
|u http://dx.doi.org/10.1007/3-540-36028-X
|z Full Text via HEAL-Link
|
| 912 |
|
|
|a ZDB-2-SBL
|
| 950 |
|
|
|a Biomedical and Life Sciences (Springer-11642)
|